Peristiwa di taman permainan

Bibliographic Details
Main Author: Amer Haji Matsom
Format: Book
Published: Petaling Jaya : Sama Publications , 1996
Series:Taman kanak-kanak
Subjects:

MARC

LEADER 00000cam a2200000 7i4500
001 0000008608
002 000009383
005 20000330.0
020 |a 9679387062 
090 0 0 |a JF   |b AME 
100 0 |a Amer Haji Matsom 
245 1 0 |a Peristiwa di taman permainan   |c Amer Haji Mat Som 
260 |a Petaling Jaya :   |b Sama Publications ,   |c 1996 
300 |a 20p. :   |b ill. ;   |c 17cm. 
490 0 |a Taman kanak-kanak 
650 0 0 |a Children's stories 
999 |a 056354   |b BUKU   |c PINJAMAN   |e PERPUSTAKAAN KOMUNITI CAW KOTA DAMANSARA 
999 |a 056355   |b BUKU   |c PINJAMAN   |e PERPUSTAKAAN KOMUNITI CAW KOTA DAMANSARA